| 000 | 00580nam a2200217Ia 4500 | ||
|---|---|---|---|
| 001 | 11378 | ||
| 008 | 140331s9999 xx 000 0 und d | ||
| 020 | _a0-455-20799-2 | ||
| 040 | _cPK-LaUMT | ||
| 082 |
_a 657.046 _bSMY-A |
||
| 100 | _aKenley, W. John | ||
| 245 |
_aYorston, smyth and Brown advanced accounting _cKenley, W. John<>Smyth, E. Bryan<>Syme, Barbara |
||
| 250 | _a10th | ||
| 260 |
_aNew York,USA: _bLexington Books, _c1988 |
||
| 300 | _a799 p. | ||
| 546 | _aEN | ||
| 650 | _aAccounting | ||
| 700 | _aSmyth, E. Bryan | ||
| 700 | _aSyme, Barbara | ||
| 942 | _cBK | ||
| 999 |
_c12268 _d12268 |
||